000
00272nam a2200109Ia 4500
008
190216s9999||||xx |||||||||||||| ||und||
100
_a
Tharakan K M
245
0
_a
Adunika Niovel Darshanam
260
_b
Nbs Kottayam
650
_a
Malayalam-Malayalam Criticism
942
_c
BK
999
_c
26034
_d
26034